| 000 | 00615nam a22001937a 4500 | ||
|---|---|---|---|
| 999 |
_c7634 _d7634 |
||
| 001 | 19453 | ||
| 003 | BD-DhUAP | ||
| 005 | 20210127143436.0 | ||
| 008 | 210127s2015 bg ||||| |||| 00| 0 eng d | ||
| 020 | _a98484660075 | ||
| 040 |
_aBD-DhUAP _bEng _cBD-DhUAP _dBD-DhUAP |
||
| 082 |
_223 _a341.5492 ALA |
||
| 100 | _aAlam, Muhammad Shah. | ||
| 245 |
_aSelected writings on International law, constitutional law, and human rights / _cMuhammad Shah Alam. |
||
| 260 |
_aDhaka : _bNew Warsi Book Corporation, _c2015. |
||
| 300 |
_axiii, 560 pages ; _c25 cm. |
||
| 650 |
_aInternational law _zBangladesh. |
||
| 942 |
_2ddc _cBK |
||